| 000 | 00651nam a22002177a 4500 | ||
|---|---|---|---|
| 999 |
_c7572 _d7572 |
||
| 003 | OSt | ||
| 005 | 20211206171237.0 | ||
| 008 | 211206b ||||| |||| 00| 0 eng d | ||
| 020 | _a9780273777809, 0273777807 | ||
| 040 | _cDDC | ||
| 082 | _a657.48 FIN 2014 | ||
| 100 |
_aWalter T. Harrison; Charles T.Horngren; Themin Suwardy _915493 |
||
| 245 |
_aFinancial Accounting: _bInternational Financial Reporting Standards. |
||
| 250 | _a9th ed. | ||
| 260 |
_aBoston: _bPearson; _c2014, |
||
| 300 |
_axxxiv,850p: _bill; _c28cm. |
||
| 504 | _aIncludes indexes. | ||
| 650 |
_aAccounting. _91379 |
||
| 650 |
_aFinancial accounting. _95655 |
||
| 942 |
_2ddc _cBOOK |
||